Strzelcy Premier League w klubach 2012/13 - Statystyki

Ogólne statystyki
  • Ten quiz został rozwiązany 21 razy
  • Średni wynik to 9 z 20
Statystyki odpowiedzi
Klub Narodowość # Nazwisko % Poprawnych
Newcastle United Senegal 13 Demba Ba
100%
Tottenham Hotspur Walia 21 Gareth Bale
100%
Liverpool Urugwaj 23 Luis Suárez
100%
Manchester City Bośnia i Hercegowina 14 Edin Džeko
95%
Manchester United Holandia 26 Robin van Persie
95%
West Bromwich Albion Belgia 17 Romelu Lukaku
85%
Chelsea Anglia 15 Frank Lampard
75%
Fulham Bułgaria 15 Dimitar Berbatov
65%
Arsenal Anglia 14 Theo Walcott
50%
Swansea City Hiszpania 18 Michu
40%
Aston Villa Belgia 19 Christian Benteke
35%
Everton Belgia 11 Marouane Fellaini
30%
Sunderland Szkocja 11 Steven Fletcher
15%
Wigan Athletic WKS 11 Arouna Koné
10%
Stoke City Irlandia 8 Jonathan Walters
10%
Southampton Anglia 15 Rickie Lambert
10%
Queens Park Rangers Francja 6 Loïc Rémy
5%
Reading Anglia 12 Adam Le Fondre
0%
Norwich City Anglia 8 Grant Holt
0%
West Ham United Anglia 10 Kevin Nolan
0%
Nie znaleziono quizów pasujących do podanych kryteriów
Rozkład punktacji
Procent ludzi z każdym wynikiem
Percentyl według liczby udzielonych odpowiedzi
Twoja historia wyników
Nie rozwiązałeś tego quizu